Statistics for 2018-19 Brooklyn Nets Leaders

Click here to take the quiz!

General Stats

  • This quiz has been taken 54 times
  • The average score is 6 of 9

Answer Stats

HintAnswer% Correct
Points per GmeD'Angelo Russell
93%
Assists per GameD'Angelo Russell
93%
Turnovers per GameD'Angelo Russell
93%
Blocks per GameJarret Allen
88%
3pt PercentageJoe Harris
84%
Steals per GameCaris Levert
77%
Rebounds per GameEd Davis
35%
Field Goal PercentageEd Davis
35%
Free Throw PercentageTheo Pinson
14%

Score Distribution

Percentile by Number Answered

Percent of People with Each Score

Your Score History

You have not taken this quiz